000 00496nam a2200205Ia 4500
001 14972
003 GE_BSU
008 181216s||||||||xx |||||||||||||| ||und||
040 _cGE_BSU
080 _a514.14
100 _aБерже,М.
245 _aГеометрия в 2-х томах. т.1
245 _cПод.ред.И.Х.Сабитова
260 _aМосква
260 _bМир
260 _c1984
300 _a560стр.22см.
653 _aГеометрия
942 _cBK
999 _c48091
_d48091